Lithium batteries and other electrochemical storage systems (Record no. 355995)

000 -LEADER
fixed length control field 01311cam a2200385Ia 4500
001 - CONTROL NUMBER
control field 10562662
003 - CONTROL NUMBER IDENTIFIER
control field USPCAS-E
005 - DATE AND TIME OF LATEST TRANSACTION
control field 20180118181420.0
006 - FIXED-LENGTH DATA ELEMENTS--ADDITIONAL MATERIAL CHARACTERISTICS
fixed length control field m d
007 - PHYSICAL DESCRIPTION FIXED FIELD--GENERAL INFORMATION
fixed length control field cr n
008 - FIXED-LENGTH DATA ELEMENTS--GENERAL INFORMATION
fixed length control field 130823s2013 njua s 001 0 eng d
020 ## - INTERNATIONAL STANDARD BOOK NUMBER
International Standard Book Number 9781118761144
020 ## - INTERNATIONAL STANDARD BOOK NUMBER
International Standard Book Number 9781848214965
035 ## - SYSTEM CONTROL NUMBER
System control number (WaSeSS)ssj0001034882
040 ## - CATALOGING SOURCE
Original cataloging agency CaPaEBR
Transcribing agency CaPaEBR
Modifying agency WaSeSS
050 #4 - LIBRARY OF CONGRESS CALL NUMBER
Classification number TK2896
Item number .G53 2013eb
082 ## - DEWEY DECIMAL CLASSIFICATION NUMBER
Edition number 23
Classification number 621.312423
Author Mark GLA-L 2013
100 1# - MAIN ENTRY--PERSONAL NAME
Personal name Glaize, Christian.
Relator term auther
210 10 - ABBREVIATED TITLE
Abbreviated title Lithium batteries and other electrochemical storage systems
245 10 - TITLE STATEMENT
Title Lithium batteries and other electrochemical storage systems
Statement of responsibility, etc. Christian Glaize, Sylvie Genies.
260 ## - PUBLICATION, DISTRIBUTION, ETC.
Place of publication, distribution, etc. Hoboken, NJ :
Name of publisher, distributor, etc. John Wiley and Sons,
Date of publication, distribution, etc. 2013.
300 ## - PHYSICAL DESCRIPTION
Extent xvii, 353p:
Other physical details ill.,
Dimensions 24cm.
500 ## - GENERAL NOTE
General note Includes index.
502 ## - DISSERTATION NOTE
Dissertation note .
506 ## - RESTRICTIONS ON ACCESS NOTE
Terms governing access License restrictions may limit access.
650 #0 - SUBJECT ADDED ENTRY--TOPICAL TERM
Topical term or geographic name entry element Lithium cells.
650 #0 - SUBJECT ADDED ENTRY--TOPICAL TERM
Topical term or geographic name entry element Energy storage
General subdivision Materials.
655 #7 - INDEX TERM--GENRE/FORM
Genre/form data or focus term Electronic books.
Source of term local
700 1# - ADDED ENTRY--PERSONAL NAME
Personal name Genies, Sylvie.
710 2# - ADDED ENTRY--CORPORATE NAME
Corporate name or jurisdiction name as entry element ebrary, Inc.
773 #0 - HOST ITEM ENTRY
Title Wiley-Blackwell Online Books
856 40 - ELECTRONIC LOCATION AND ACCESS
Uniform Resource Identifier <a href="http://www.columbia.edu/cgi-bin/cul/resolve?clio10562662">http://www.columbia.edu/cgi-bin/cul/resolve?clio10562662</a>
Public note Full text available from Wiley-Blackwell Online Books
910 ## - USER-OPTION DATA (OCLC)
User-option data Vendor-generated brief record
942 ## - ADDED ENTRY ELEMENTS (KOHA)
Source of classification or shelving scheme
Koha item type Book
Holdings
Withdrawn status Lost status Source of classification or shelving scheme Damaged status Not for loan Collection code Permanent Location Current Location Shelving location Date acquired Source of acquisition Cost, normal purchase price Total Checkouts Full call number Barcode Date last seen Date last checked out Price effective from Koha item type
            US-Pakistan Center for Advanced Studies in Energy (USPCAS-E) US-Pakistan Center for Advanced Studies in Energy (USPCAS-E)   01/29/2016 Golden books 11114.00 1 621.312423 GLA-L 2013 CAS-E0001351 11/04/2016 10/18/2016 01/29/2016 Book
© 2023 Central Library, National University of Sciences and Technology. All Rights Reserved.